000 00853nmm a2200265 a 4500
001 ocm000709033
003 TR-IsHL
005 20201028142833.0
008 140118s1986 tu tur
007 cr cn
035 _a709033
_b(N$T)
050 0 4 _aR123
_b.Ü442 1986
090 0 4 _aR123
_b.Ü442 1986
100 1 _aÜlker, Süreyya
245 1 0 _aÜlker tıp terimleri sözlüğü: Latince_Türkçe Türkçe-Latince
_h[electronic resource] /
_cSüreyya Ülker
250 _a4. bs.
260 _aİstanbul :
_b[Yayınlayan yok],
_c1986
300 _a1622 p.
650 4 _aTıp
650 4 _aMedicine
650 0 _aTıp
_x Sözlükler
650 0 _aMedicine
_x Dictionaries
650 7 _aMEDICAL / Dictionaries & Terminology
_2bisacsh
856 4 0 _uhttp://search.ebscohost.com/login.aspx?direct=true&scope=site&db=e011xww&AN=709033
999 _c8574
_d8574